| 000 | 00684nam a2200265Ia 4500 | ||
|---|---|---|---|
| 005 | 20260121165614.0 | ||
| 008 | 008 260114s9999 xx 000 0 eng d | ||
| 020 | _a9783319307077 | ||
| 037 | _aEBOOK | ||
| 040 | _aCRL | ||
| 040 | _beng | ||
| 040 | _cCRL | ||
| 041 | _2eng | ||
| 041 | _aeng | ||
| 084 | _qCRL | ||
| 100 |
_aOlivia Johanna Erdélyi _91053800 |
||
| 245 | 0 | _aTwin Peaks for Europe: State-of-the-Art Financial Supervisory Consolidation | |
| 260 | _bSpringer | ||
| 260 | _bSpringer | ||
| 260 | _c2016 | ||
| 856 | _uhttps://link.springer.com/openurl?genre=book&isbn=978-3-319-30707-7 | ||
| 942 | _cEBOOK | ||
| 999 |
_c1619526 _d1619526 |
||